Yves de Vallone : the making of an esprit-fort /

Bibliographic Details
Main Author: O'Higgins, James
Format: Book
Language:English
Published: The Hague ; Boston : Martinus Nijhoff, 1982.
Series:Archives internationales d'histoire des idées ; 97.
Subjects:

MARC

Tag First Indicator Second Indicator Subfields
LEADER 00000cam a22000008a 4500
001 in00000084810
005 20151008053228.0
008 820224s1982 ne b 00110 eng
010 |a  82003459  
020 |a 9024725208 
035 |a (OCoLC)08280217 
035 |9 AAH6736AM 
039 0 |a 2  |b 3  |c 3  |d 3  |e 3 
040 |a DLC  |c DLC  |d TXA  |d UtOrBLW 
049 |a TXAM  |c [1805593] 
050 0 0 |a BL2745 V34  |b  O35 
082 0 |a 211/.4/0924  |2 19 
100 1 |a O'Higgins, James. 
245 1 0 |a Yves de Vallone :  |b the making of an esprit-fort /  |c by James O'Higgins. 
263 |a 8112 
264 1 |a The Hague ;  |a Boston :  |b Martinus Nijhoff,  |c 1982. 
300 |a vi, 248 pages ;  |c 25 cm. 
336 |a text  |b txt  |2 rdacontent 
337 |a unmediated  |b n  |2 rdamedia 
338 |a volume  |b nc  |2 rdacarrier 
490 1 |a Archives internationales d'histoire des idees = International archives of the history of ideas ;  |v 97 
500 |a Includes index. 
504 |a Bibliography: pages [233]-238. 
600 1 0 |a Vallone, Yves de. 
600 1 0 |a Vallone, Yves de.  |t Religion du chrétien. 
650 0 |a Free thought. 
830 0 |a Archives internationales d'histoire des idées ;  |v 97. 
999 |a MARS 
999 f f |s 05e04125-ea09-3f10-af3a-f95493c5555d  |i 18cb904d-800c-3fb1-b6f3-f11ed5827005  |t 0 
952 f f |p ric  |a Texas A&M University  |b Rellis Campus  |c Joint Library Facility  |d Remote Storage  |t 0  |e BL2745 V34 O35  |h Library of Congress classification  |i unmediated -- volume  |m A14806048469 
998 f f |a BL2745 V34 O35  |t 0  |l Remote Storage